Muserums of India (Record no. 364164)

MARC details
000 -LEADER
fixed length control field 003260000a22001450004500
005 - DATE AND TIME OF LATEST TRANSACTION
control field 20120302065212.0
040 ## - CATALOGING SOURCE
Original cataloging agency Eng
100 ## - MAIN ENTRY--PERSONAL NAME
Personal name Punja, Shobita
245 ## - TITLE STATEMENT
Title Muserums of India
260 ## - PUBLICATION, DISTRIBUTION, ETC. (IMPRINT)
Place of publication, distribution, etc Hong Kong:The GuideBook Co.Pvt.Ltd.
300 ## - PHYSICAL DESCRIPTION
Extent 307p..-ill
365 ## - TRADE PRICE
Price amount /-
650 ## - SUBJECT ADDED ENTRY--TOPICAL TERM
Topical term or geographic name as entry element Illustrated Guide
942 ## - ADDED ENTRY ELEMENTS (KOHA)
Koha item type Book
Holdings
Withdrawn status Lost status Damaged status Not for loan Home library Current library Date acquired Total Checkouts Barcode Date last seen Price effective from
        Institute For Oriental Study, Thane Institute For Oriental Study, Thane 12/02/2009   IOS-E 25219 12/02/2009 12/02/2009